1225 1755 1778 1025 1091 1642 1513 1749 1481 1478 1687 1488 1755 1755 1149 1703 1034 1398 1201 1640 1863 1175 1560 1531 1890 1616 1366 1612 1572 1414 1209 1097 1575 1055 1919 1068 1977 1156 1166 1577 1698 1632 1296 1185 1611 1590 1718 1063 1182 1067 1814 1882 1378 1326 1727 1602 1095 1489 1478 1259 1275 1910 1536 1284 1092 1819 1488 1696 1739 1412 1925 1891 1247 1411 1054 1814 1520 1321 1696 1775 1959 1693 1294 1313 1410 1500 1738 1354 1770 1710 1436 1152 1246 1012 1079 1729 1382 1485 1811 BCNSPRNW ULIB Ver.6.0+V

เปลี่ยนเป็นภาษาไทย

Change to English
 แสดงรายละเอียดบรรณานุกรม
  กลับหน้าหลัก

Brief Record : Get Marc (ISO 2709) : E-mail record : QR code < ปิดหน้าต่าง
LEADER : 00000nam 2200000uu 4500
001    13399120037
003     ULIB
008    120822s2553||||th 000 0 tha d
020    ^a9789740944683
060 04 ^aWY105^bอ792ก
100 0  ^aอุดมรัตน์ สงวนศิริธรรม
245 00 ^aการพัฒนาวิชาชีพการพยาบาล =^bProfessional nursing development/^cอุดมรัตน์ สงวนศิริธรรม
246 31 ^aProfessional nursing development
250    ^aพิมพ์ครั้งที่ 2
260    ^aเชียงใหม่ :^bมหาวิทยาลัยเชียงใหม่,^c2553
300    ^a307 หน้า
650  7 ^aวิชาชีพการพยาบาล
710 2  ^aมหาวิทยาลัยเชียงใหม่
945    ^p300^l0^i032540
945    ^p300^l0^i032541
995    ^aเกษร
999    ^aใช้งานได้ทุกระบบ
รายการนี้ยังไม่มีแท็ก
คุณยังไม่ได้ล็อกอิน คุณสามารถมีกิจกรรมร่วมกับเว็บไซต์ได้ แต่ต้องล็อกอินก่อน ::
  ล็อกอิน

รายการสื่อสารสนเทศ

ลำดับที่ ประเภท เลขเรียก/บาร์โค้ด สถานที่ สถานะ
1. วิทยาศาสตร์การแพทย์ และสุขภาพ
หนังสือสำรอง
สถานะ=หนังสือสำรอง
WY105 อ792ก ฉ.1 
  Barcode: 032540
ห้องสมุดวิทยาเขตสวรรค์ประชารักษ์
►ส่วนจัดเก็บหนังสือเก่า สปร
บนชั้น
  ขอยืม
2. วิทยาศาสตร์การแพทย์ และสุขภาพ
วิทยาศาสตร์การแพทย์ และสุขภาพ
WY105 อ792ก ฉ.2 
  Barcode: 032541
ห้องสมุดวิทยาเขตสวรรค์ประชารักษ์
►ส่วนจัดเก็บหนังสือเก่า สปร
บนชั้น
  ขอยืม

รายการใกล้เคียง
    ผู้แต่ง [อุดมรัตน์ สงวนศิริธรรม]

    หัวเรื่อง [วิชาชีพการพยาบาล]

BibComment


ยังไม่เคยถูกคอมเมนท์

คอมเมนท์ทรัพยากรรายการนี้
  คอมเมนท์: การพัฒนาวิชาชีพก..


 Copyright 2026. Bcnsprnw @Library